Children's Books en Español Quiz Stats

 Plays Quiz Updated Nov 8, 2017

Support Sporcle.
Go Orange.
Score 0/20 Timer 07:00
1 Play Today
% Correct
Clifford, el gran
perro colorado
91.4%
La pequeña
locomotora
que sí pudo
87.8%
Jorge el curioso
87.2%
Un pez,
dos peces,
pez rojo,
pez azul
86.7%
El maravilloso
Mago de Oz
86.5%
Donde viven
los monstruos
85.8%
La noche antes
de Navidad
85.8%
Buenas noches,
luna
83.6%
El árbol
generoso
81.7%
La telaraña
de Carlota
81.3%
% Correct
Si le das una
galletita a un ratón
81.1%
Clic, clac, muu
vacas escritoras
80.9%
La oruga muy hambrienta
79.6%
Harold y el
lápiz color
morado
78%
Pat el conejito
76.8%
El principito
74.3%
El pez arco iris
72%
Un día
de nieve
71.8%
Abran paso
a los patitos
61.9%
¡No dejes
que la
paloma
conduzca
el autobús!
59.3%

From the Vault

Movie Newspapers III

by BigAl1994

Movies 6m
These movies have the inside scoop.
Remove Ads.
Support Sporcle.
Get the best of Sporcle when you Go Orange. This ad-free experience offers more features, more stats, and more fun while also helping to support Sporcle. Thank you for becoming a member.

Show Comments

Extras

Top Quizzes Today


Score Distribution

Your Account Isn't Verified!

In order to create a playlist on Sporcle, you need to verify the email address you used during registration. Go to your Sporcle Settings to finish the process.

Report this User

Report this user for behavior that violates our Community Guidelines.

Details: